Mistrzowie UFC - Statystyki

Ogólne statystyki
  • Ten quiz został rozwiązany 604 razy
    261 od ostatniego zresetowania
  • Średni wynik to 6 z 8
Statystyki odpowiedzi
Waga Zawodnik Narodowość % Poprawnych
Lekka Ilia Topuria Gruzja
88%
Ciężka Tom Aspinall Anglia
86%
Piórkowa Alexander Volkanovski Australia
85%
Średnia Khamzat Chimaev Rosja
75%
Półciężka Magomed Ankalaev Rosja
72%
Musza Alexandre Pantoja Brazylia
66%
Półśrednia Jack Della Maddalena Australia
61%
Kogucia Merab Dvalishvili Gruzja
58%
Nie znaleziono quizów pasujących do podanych kryteriów
Rozkład punktacji
Procent ludzi z każdym wynikiem
Percentyl według liczby udzielonych odpowiedzi
Twoja historia wyników
Nie rozwiązałeś tego quizu od ostatniego zresetowania